000 01391nam a2200253Ia 4500
999 _c49165
_d49165
001 16076
003 GE_BSU
005 20241205161605.0
008 181216s1996||||ge |||||||||||||| ||geo||
040 _cGE_BSU
041 _ageo
080 _a581.9(479.22) ქ-45
100 _aქვაჩაკიძე, რევაზ
_923865
245 _aსაქართველოს გეობოტანიკური დარაიონება /
_c[რედ. : გ. ნახუცრიშვილი] ; საქ. მეცნ. აკად., ნ. კეცხოველის სახ. ბოტანიკის ინ-ტი.
264 _aთბილისი :
_bმეცნიერება,
_c1996.
300 _a128 გვ. ;
_c20 სმ.
500 _aწიგნს ახლავს ავტორის მინაწერი
504 _aბიბლიოგრ. : გვ. 120
520 _aრეზიუმე რუსული ენაზე
653 _aსაქართველოს გეობოტანიკა
700 _aნახუცრიშვილი, გ.
_eრედაქტორი
_91485
700 _aსაქართველოს მეცნიერება აკადემია
_eნ. კეცხოველის სახ. ბოტანიკის ინ-ტი
_923866
942 _cBK
_2udc